| 000 | 00443nam a2200133Ia 4500 | ||
|---|---|---|---|
| 008 | 220217s9999 xx 000 0 und d | ||
| 245 | 0 | _aVulcanized vegetable oils (factice) for rubber industry-specification. (First Revision) | |
| 260 | _aNew Delhi | ||
| 260 |
_c1992 _bBIS |
||
| 490 | _aRubber Products Sectional Committee, PCD 13 | ||
| 500 | _aStandard number: IS 10130 | ||
| 650 | _aRubber industry, Vegetable oils (Factice) | ||
| 942 | _cST | ||
| 999 |
_c73400 _d73400 |
||